|
|
|
|
| LEADER |
00000nam0a2200000 4500 |
| 001 |
352768 |
| 005 |
20231102010529.0 |
| 035 |
|
|
|a (RuTPU)RU\TPU\retro\9553
|
| 090 |
|
|
|a 352768
|
| 100 |
|
|
|a 20200205d1908 k y0gery50 ba
|
| 101 |
0 |
|
|a ger
|
| 102 |
|
|
|a DE
|
| 105 |
|
|
|a a m 000zy
|
| 200 |
1 |
|
|a Die mechanische Beanspruchung raschlaufender Magneträder (Turbogeneratoren)
|e Dissertation zur Erlangung der Würde eines Doktor-Ingenieurs
|f Ch. A. Werner
|
| 210 |
|
|
|a Halle
|c Verlag von Wilhelm Knapp
|d 1908
|
| 215 |
|
|
|a 95 s.
|c il.
|
| 316 |
|
|
|5 63413507: КР-6769
|a На титульном листе владельческий штамп Механической лаборатории Томского Технологического Института Императора Николая II
|
| 541 |
1 |
|
|a Механическая нагрузка на высокоскоростные магнитные колеса. (Турбогенераторы)
|z ger
|e диссертация на соискание ученой степени доктора наук, представлена Ч. А. Вернером, утверждена Королевским техническим университетом Ахена
|
| 606 |
1 |
|
|a Турбогенераторы
|x Нагрузки
|2 stltpush
|3 (RuTPU)RU\TPU\subj\62095
|9 79246
|
| 610 |
1 |
|
|a механические нагрузки
|
| 610 |
1 |
|
|a машиностроение
|
| 610 |
1 |
|
|a магнитные колеса
|
| 610 |
1 |
|
|a шестерни
|
| 610 |
1 |
|
|a механические конструкции
|
| 610 |
1 |
|
|a детали
|
| 610 |
1 |
|
|a напряжения
|
| 610 |
1 |
|
|a сила
|
| 610 |
1 |
|
|a моменты
|
| 610 |
1 |
|
|a немецкий язык
|
| 610 |
1 |
|
|a диссертации
|
| 675 |
|
|
|a 621.313.322-81(04)
|v 4
|
| 700 |
|
1 |
|a Werner
|b Ch. A.
|
| 801 |
|
1 |
|a RU
|b 63413507
|c 20200205
|
| 801 |
|
2 |
|a RU
|b 63413507
|c 20200622
|g RCR
|
| 942 |
|
|
|c BK
|